| 000 | 00377nam a2200145Ia 4500 | ||
|---|---|---|---|
| 008 | 240624s9999 xx 000 0 und d | ||
| 041 | _aeng | ||
| 082 | _a658.4056 CRA | ||
| 100 | _aCRANDALL WILLIAM RICK | ||
| 245 | _aCRISIS MANAGEMENT LEADING IN THE NEW STR | ||
| 250 | _a(2nd ed.) | ||
| 260 |
_c2014 _aLondon _bSage |
||
| 300 | _axix, : 356 : p. : cm. ; 25 | ||
| 365 |
_c _b38 |
||
| 999 |
_c24303 _d24303 |
||